|
|
|
|
| LEADER |
00000nam0a2200000 4500 |
| 001 |
95328 |
| 005 |
20231031110114.0 |
| 035 |
|
|
|a (RuTPU)RU\TPU\book\102083
|
| 090 |
|
|
|a 95328
|
| 100 |
|
|
|a 20060424d1976 m y0rusy50 ca
|
| 101 |
0 |
|
|a rus
|
| 102 |
|
|
|a RU
|
| 105 |
|
|
|a a j 001zy
|
| 200 |
1 |
|
|a Технология кузнечно-штамповочного производства
|e учебник
|f Я. М. Охрименко
|
| 205 |
|
|
|a 2-е изд., перераб. и доп.
|
| 210 |
|
|
|a Москва
|c Машиностроение
|d 1976
|
| 215 |
|
|
|a 560 с.
|c ил.
|
| 320 |
|
|
|a Библиогр.: с. 555.
|
| 320 |
|
|
|a Предметный указатель: с. 556-558.
|
| 610 |
1 |
|
|a учебники
|
| 610 |
1 |
|
|a кузнечное производство
|
| 610 |
1 |
|
|a кузнечно-штамповочное производство
|
| 610 |
1 |
|
|a металлы
|
| 610 |
1 |
|
|a ковка
|
| 610 |
1 |
|
|a штамповка
|
| 610 |
1 |
|
|a объемная штамповка
|
| 610 |
1 |
|
|a обработка
|
| 675 |
|
|
|a 621.73(075.8)
|v 3
|
| 700 |
|
1 |
|a Охрименко
|b Я. М.
|g Яков Михайлович
|
| 801 |
|
1 |
|a RU
|b 63413507
|c 20060424
|g PSBO
|
| 801 |
|
2 |
|a RU
|b 63413507
|c 20180507
|g PSBO
|
| 942 |
|
|
|c BK
|